000
00319nam a2200121Ia 4500
005
20251222152724.0
008
251222s9999||||xx |||||||||||||| ||spa||
020
_a
9786124660108
082
_a
200/L85
100
_a
Loncar, Josip
245
0
_a
¿Cómo Creer? ¿Cómo Recibir con Fe? Y ¿Cómo Evangelizar?
942
_c
LIB
999
_c
29702
_d
29702